[Event "COL-ch Students"]
[Site "Santa Fe"]
[Date "2023.09.23"]
[Round "2"]
[White "Carvajal Barreto, Johan Sebastian"]
[Black "Castro Ruiz, Julian"]
[Result "1-0"]
[WhiteElo "1756"]
[BlackElo "1453"]
[PlyCount "89"]
[EventDate "2023.09.23"]
[EventType "swiss"]
[EventRounds "6"]
[EventCountry "COL"]
[SourceTitle "EXT 2024"]
[Source "ChessBase"]
[SourceDate "2023.10.10"]
[SourceVersion "1"]
[SourceVersionDate "2023.10.10"]
[SourceQuality "1"]

1. e4 c6 2. d4 d5 3. exd5 cxd5 4. Nf3 Nc6 5. c4 Nf6 6. Nc3 Bg4 7. Be3 e6 8. a3 Be7 9. Qb3 Bxf3 10. Qxb7 dxc4 11. gxf3 Rc8 12. Qb5 0-0 13. Qxc4 Nb4 14. Qe2 Nbd5 15. Qd2 Qa5 16. Nxd5 Qxd5 17. Be2 Qb3 18. Bd1 Qb7 19. Rg1 Kh8 20. Kf1 Rc7 21. Rc1 Rxc1 22. Qxc1 Rc8 23. Qd2 Rb8 24. Qa5 Nd5 25. b4 Bf6 26. Be2 g6 27. b5 Rc8 28. Qd2 Nc3 29. Kg2 Nxe2 30. Qxe2 Rc3 31. a4 Qc7 32. Rd1 Rc4 33. Qa2 Rc2 34. Qa3 Kg7 35. Rd3 Qc4 36. Qb3 Qc8 37. a5 Rc7 38. d5 exd5 39. Rxd5 Rc3 40. Qd1 Qc4 41. Bxa7 Rc1 42. Qd3 Qa2 43. Be3 Rc3 44. Qd2 Rc2 45. Bh6+ 1-0

[Event "Bucaramanga Santander-ch"]
[Site "Bucaramanga"]
[Date "2023.04.01"]
[Round "4"]
[White "Carvajal Barreto, Johan Sebastian"]
[Black "Dangond Tarazona, Camila Ivanna"]
[Result "1-0"]
[WhiteElo "1756"]
[BlackElo "1438"]
[PlyCount "61"]
[EventDate "2023.03.31"]
[EventType "swiss"]
[EventRounds "7"]
[EventCountry "COL"]
[SourceTitle "CBM 213 Extra"]
[Source "ChessBase"]
[SourceDate "2023.05.31"]
[SourceVersion "1"]
[SourceVersionDate "2023.05.31"]
[SourceQuality "1"]

1. d4 Nf6 2. c4 e6 3. Nc3 d5 4. a3 Nbd7 5. Bf4 Nh5 6. Bg3 Ndf6 7. Nf3 Nxg3 8. hxg3 Bd7 9. e3 c5 10. dxc5 dxc4 11. Bxc4 Bxc5 12. Ne5 Qc7 13. Nxd7 Nxd7 14. Nb5 Qe5 15. b4 Be7 16. Rc1 Rc8 17. Nxa7 Rc7 18. Bb5 Bd6 19. Rxc7 Bxb4+ 20. axb4 Qxc7 21. 0-0 Ke7 22. Bxd7 Rd8 23. Nb5 Qxd7 24. Qxd7+ Rxd7 25. Rc1 Kf6 26. f4 Kf5 27. Kf2 Kg4 28. Nd4 f5 29. Rh1 g5 30. Nf3 gxf4 31. Rh4# 1-0

[Event "COL-chT"]
[Site "Bucaramanga"]
[Date "2022.09.08"]
[Round "5.1"]
[White "Cabrales Almanza, Josue Ricardo"]
[Black "Carvajal Barreto, Johan Sebastian"]
[Result "1/2-1/2"]
[WhiteElo "1692"]
[BlackElo "1735"]
[PlyCount "133"]
[EventDate "2022.09.06"]
[EventType "team-swiss"]
[EventRounds "7"]
[EventCountry "COL"]
[SourceTitle "CBM 210 Extra"]
[Source "ChessBase"]
[SourceDate "2022.11.30"]
[SourceVersion "1"]
[SourceVersionDate "2022.11.30"]
[SourceQuality "1"]
[WhiteTeam "Cordoba"]
[BlackTeam "Santander Almo"]
[WhiteTeamCountry "COL"]
[BlackTeamCountry "COL"]

1. Nf3 d6 2. g3 e5 3. Bg2 f5 4. d3 Nf6 5. 0-0 Be7 6. c4 h6 7. Nc3 c6 8. b3 Be6 9. Bb2 Nbd7 10. e4 fxe4 11. Nxe4 Nxe4 12. dxe4 Bg4 13. Qc2 0-0 14. Nd2 Qb6 15. Rae1 Rf7 16. h3 Bh5 17. g4 Bg6 18. Nf3 Nf8 19. Rd1 Ne6 20. Kh2 Raf8 21. Kg3 Rf4 22. Nxe5 dxe5 23. Bxe5 Rxf2 24. Rxf2 Rxf2 25. Qd3 Rf7 26. Kh2 Kh7 27. Qg3 Ng5 28. Bc7 Qf2 29. Qxf2 Rxf2 30. Kg3 Rf7 31. e5 Ne4+ 32. Bxe4 Bxe4 33. Bd6 Kg8 34. e6 Rf3+ 35. Kh2 Kf8 36. Bxe7+ Kxe7 37. Rd7+ Kxe6 38. Rxb7 g5 39. Rxa7 Ke5 40. Re7+ Kd4 41. h4 c5 42. Re6 gxh4 43. Rxh6 Rf2+ 44. Kh3 Rxa2 45. Rb6 Ra3 46. Kxh4 Bc2 47. b4 Kxc4 48. bxc5 Kxc5 49. Rb8 Kd6 50. Re8 Ra4 51. Re2 Be4 52. Rd2+ Ke5 53. Rd8 Kf6 54. Rd6+ Kf7 55. Rd7+ Ke6 56. Rd8 Bf3 57. Rg8 Bg2 58. Kg3 Bd5 59. Re8+ Kf6 60. Rf8+ Kg6 61. Rf4 Ra3+ 62. Kf2 Ba8 63. Rf8 Kg5 64. Ke2 Kxg4 65. Kd2 Be4 66. Re8 Kf4 67. Rh8 1/2-1/2

[Event "COL-ch U20"]
[Site "Barranquilla"]
[Date "2022.07.08"]
[Round "5"]
[White "Carvajal Barreto, Johan Sebastian"]
[Black "Diaz Larrea, Juan Manuel"]
[Result "0-1"]
[WhiteElo "1771"]
[BlackElo "1748"]
[PlyCount "50"]
[EventDate "2022.07.06"]
[EventType "swiss"]
[EventRounds "9"]
[EventCountry "COL"]
[SourceTitle "EXT 2023"]
[Source "ChessBase"]
[SourceDate "2022.10.05"]
[SourceVersion "1"]
[SourceVersionDate "2022.10.05"]
[SourceQuality "1"]

1. d4 d5 2. c4 e6 3. Nc3 Nf6 4. cxd5 exd5 5. Bg5 Be7 6. e3 c6 7. Bd3 Nbd7 8. Nf3 0-0 9. 0-0 Re8 10. Qc2 Ne4 11. Nxe4 dxe4 12. Bxe4 Bxg5 13. Bxh7+ Kh8 14. Qf5 Bh6 15. Qxf7 Kxh7 16. Qf5+ Kg8 17. Rfe1 Ne5 18. Qe4 Nxf3+ 19. Qxf3 Qf6 20. Qe2 Bf5 21. Qc4+ Qf7 22. Qb4 Rad8 23. a3 Re6 24. Rac1 Rg6 25. f3 Bh3 0-1

[Event "Bucaramanga Santander-ch"]
[Site "Bucaramanga"]
[Date "2022.04.09"]
[Round "3"]
[White "Carvajal Barreto, Johan Sebastian"]
[Black "Hernandez Sandoval, Silvia Nathalia"]
[Result "1-0"]
[WhiteElo "1775"]
[BlackElo "1159"]
[PlyCount "113"]
[EventDate "2022.04.08"]
[EventType "swiss"]
[EventRounds "8"]
[EventCountry "COL"]
[SourceTitle "CBM 207 Extra"]
[Source "ChessBase"]
[SourceDate "2022.05.31"]
[SourceVersion "1"]
[SourceVersionDate "2022.05.31"]
[SourceQuality "1"]

1. e4 c5 2. Nf3 d6 3. Bc4 Nc6 4. d4 cxd4 5. Nxd4 Nf6 6. Nc3 g6 7. Nxc6 bxc6 8. e5 Nd7 9. exd6 exd6 10. 0-0 Nb6 11. Bb3 d5 12. Qd4 Rg8 13. Na4 Bg7 14. Qe3+ Be6 15. Nc5 Qd6 16. Re1 Ke7 17. Nb7 Qc7 18. Qc5+ Kd7 19. Na5 Rge8 20. c3 Qd6 21. Qxd6+ Kxd6 22. Bf4+ Kd7 23. Nb7 Bf8 24. h3 a5 25. Be3 Kc8 26. Nxa5 Rxa5 27. Bxb6 Rb5 28. Be3 Ra5 29. Bd2 Ra6 30. Bf4 Rd8 31. Bc2 Bd6 32. Bd3 Rb6 33. Bxd6 Rxd6 34. b3 c5 35. Rac1 c4 36. Bc2 cxb3 37. Bxb3 Ra6 38. c4 dxc4 39. Bxc4 Bxc4 40. Rxc4+ Kd7 41. a4 Rd5 42. Ree4 Kd6 43. f4 f5 44. Re8 Rda5 45. Rd8+ Ke7 46. Rdd4 Ra7 47. Kf2 Rb7 48. Rb4 Rxb4 49. Rxb4 Kd6 50. Kg3 Kc5 51. Rb7 h5 52. Rb5+ Rxb5 53. axb5 Kxb5 54. Kh4 Kc6 55. Kg5 Kd6 56. Kxg6 Ke6 57. h4 1-0

[Event "Calle Region-ch U1700"]
[Site "Calle"]
[Date "2020.02.23"]
[Round "5.1"]
[White "Carvajal Barreto, Johan Sebastian"]
[Black "Virviescas Sanchez, Christian Stewart"]
[Result "1-0"]
[WhiteElo "1658"]
[BlackElo "1572"]
[PlyCount "64"]
[EventDate "2020.02.21"]
[EventType "swiss"]
[EventRounds "6"]
[EventCountry "COL"]
[SourceTitle "EXT 2024"]
[Source "ChessBase"]
[SourceDate "2023.10.10"]
[SourceVersion "1"]
[SourceVersionDate "2023.10.10"]
[SourceQuality "1"]

1. d4 d5 2. c4 e6 3. Nc3 Nf6 4. a3 dxc4 5. e4 c5 6. Be3 cxd4 7. Bxd4 Nc6 8. Be3 Be7 9. Bxc4 0-0 10. Nf3 a6 11. h3 b5 12. Bd3 Qc7 13. Qc2 Bb7 14. Rc1 Rac8 15. Qb1 Qb8 16. 0-0 b4 17. axb4 Nxb4 18. e5 Nxd3 19. exf6 Nxc1 20. fxe7 Rfe8 21. Ng5 g6 22. Rxc1 Qe5 23. Qd3 Rxe7 24. Rd1 Rec7 25. Qd8+ Rxd8 26. Rxd8+ Kg7 27. Bd4 Qxd4 28. Rxd4 a5 29. Ra4 h6 30. Nge4 Bxe4 31. Nxe4 Rc2 32. b3 f5 1-0

[Event "Bogota Bonita op"]
[Site "Bogota"]
[Date "2019.09.29"]
[Round "7"]
[White "Suarez Pinto, Sergio Rafael"]
[Black "Carvajal Barreto, Johan Sebastian"]
[Result "0-1"]
[WhiteElo "1871"]
[BlackElo "1620"]
[PlyCount "110"]
[EventDate "2019.09.26"]
[EventType "swiss"]
[EventRounds "7"]
[EventCountry "COL"]
[SourceTitle "EXT 2020"]
[Source "ChessBase"]
[SourceDate "2019.10.17"]
[SourceVersion "1"]
[SourceVersionDate "2019.10.17"]
[SourceQuality "1"]

1. e4 e6 2. d4 c5 3. Nf3 a6 4. Nc3 cxd4 5. Nxd4 Bc5 6. Nb3 Ba7 7. Be2 Nc6 8. 0-0 h6 9. Kh1 Nf6 10. f4 d6 11. Bf3 Qc7 12. Qe2 Nd4 13. Nxd4 Bxd4 14. Qd3 e5 15. Ne2 Bc5 16. c4 Bd7 17. Nc3 Rc8 18. Be2 Bc6 19. Qg3 Kf8 20. Nd5 Bxd5 21. exd5 Bd4 22. Rb1 Qe7 23. fxe5 Qxe5 24. Qxe5 Bxe5 25. Bd3 Ke7 26. b3 Nd7 27. Ba3 f6 28. Rbe1 b6 29. g3 Nc5 30. Bf5 Rc7 31. Bxc5 bxc5 32. Kg2 a5 33. Kf3 Rb7 34. Bc2 Kf7 35. Re2 g6 36. h4 Rd8 37. g4 Kg7 38. Kg2 Rf7 39. Kh3 Rh8 40. h5 g5 41. Kg2 Re7 42. Kf3 Rb8 43. Rb1 Rbb7 44. Bd3 Bc3 45. Bf5 Bd4 46. Re6 Be5 47. Rxe7+ Rxe7 48. Ke4 Bc3+ 49. Be6 Be5 50. Kf5 Bc3 51. a3 Rb7 52. Bc8 Re7 53. Be6 Rb7 54. Bc8 Re7 55. a4 Re5# 0-1

[Event "COL-ch U18"]
[Site "Fusagasuga"]
[Date "2019.06.30"]
[Round "8"]
[White "Lopez Ramirez, Daniel Giovanny"]
[Black "Carvajal Barreto, Johan Sebastian"]
[Result "0-1"]
[WhiteElo "1741"]
[BlackElo "1590"]
[PlyCount "84"]
[EventDate "2019.06.26"]
[EventType "tourn"]
[EventRounds "9"]
[EventCountry "COL"]
[SourceTitle "CBM 191 Extra"]
[Source "ChessBase"]
[SourceDate "2019.09.30"]
[SourceVersion "1"]
[SourceVersionDate "2019.09.30"]
[SourceQuality "1"]

1. f4 d5 2. Nf3 Nf6 3. e3 c5 4. d4 Nc6 5. Be2 Bf5 6. 0-0 e6 7. c3 a6 8. a4 Be7 9. Nbd2 0-0 10. Nh4 Ne4 11. Nxf5 exf5 12. Nf3 c4 13. Bd2 b5 14. b3 Na5 15. b4 Nb3 16. Ra3 bxa4 17. Be1 Qd7 18. Ne5 Qb5 19. Bf3 f6 20. Bxe4 dxe4 21. Nxc4 Qxc4 22. Rxa4 a5 23. Ra3 a4 24. Rf2 Ra7 25. Rfa2 Rfa8 26. Qc2 Nc1 27. Ra1 Nd3 28. Bd2 Nxb4 29. Qb2 Nd3 30. Qa2 Qxa2 31. R3xa2 a3 32. c4 Nb4 33. Bxb4 Bxb4 34. Rb1 Bc3 35. Rb5 g6 36. c5 Kf7 37. d5 Bb2 38. Kf2 Ke7 39. Ke2 Rd8 40. Rbxb2 axb2 41. Rxa7+ Rd7 42. d6+ Ke6 0-1

[Event "Bucaramanga op"]
[Site "Bucaramanga"]
[Date "2016.01.10"]
[Round "6"]
[White "Carvajal Barreto, Johan Sebastian"]
[Black "Santos Caballero, Edna Liliana"]
[Result "1-0"]
[WhiteElo "1577"]
[BlackElo "1565"]
[PlyCount "85"]
[EventDate "2016.01.09"]
[EventType "swiss"]
[EventRounds "6"]
[EventCountry "COL"]
[SourceTitle "EXT 2017"]
[Source "ChessBase"]
[SourceDate "2016.10.25"]
[SourceVersion "1"]
[SourceVersionDate "2016.10.25"]
[SourceQuality "1"]

1. c4 c6 2. d4 d5 3. Nc3 dxc4 4. e4 e6 5. Bxc4 Bb4 6. a3 Ba5 7. b4 Bb6 8. Nf3 Ne7 9. 0-0 0-0 10. Be3 Nd7 11. h3 Bc7 12. Qc2 Nb6 13. Bb3 f5 14. e5 h6 15. Rad1 Nbd5 16. Nxd5 cxd5 17. a4 a6 18. Rc1 Bb6 19. a5 Ba7 20. Ba4 b5 21. axb6 Qxb6 22. Qc5 Qxc5 23. bxc5 Rb8 24. Rb1 Bb7 25. Bd2 Bc6 26. Rxb8 Rxb8 27. Bxc6 Nxc6 28. Ra1 a5 29. Bxa5 Nxa5 30. Rxa5 Rb7 31. g4 g6 32. gxf5 gxf5 33. Ra6 Kf7 34. Nd2 Ke7 35. Kg2 Bb8 36. Rb6 Rxb6 37. cxb6 Kd7 38. Nb3 Kc6 39. Nc5 Kxb6 40. Nxe6 Kb5 41. Kf3 Kc4 42. Kf4 Ba7 43. Kxf5 1-0

[Event "COL-ch Superate A"]
[Site "Colombia"]
[Date "2015.10.19"]
[Round "3.5"]
[White "Carvajal Barreto, Johan Sebastian"]
[Black "Barliza Hernandez, Alejandro Seg"]
[Result "0-1"]
[WhiteElo "1589"]
[BlackElo "1522"]
[PlyCount "42"]
[EventDate "2015.10.19"]
[EventType "swiss (rapid)"]
[EventRounds "6"]
[EventCountry "COL"]
[SourceTitle "EXT 2024"]
[Source "ChessBase"]
[SourceDate "2023.10.10"]
[SourceVersion "1"]
[SourceVersionDate "2023.10.10"]
[SourceQuality "1"]

1. e4 e5 2. Nf3 Nc6 3. c3 Nf6 4. d3 Bc5 5. h3 d6 6. Nbd2 0-0 7. a4 a6 8. b4 Ba7 9. b5 Ne7 10. c4 Bd7 11. Nb3 Bb6 12. Bb2 Ng6 13. Bc3 c6 14. a5 Bc7 15. b6 Bb8 16. Be2 Nf4 17. 0-0 N6h5 18. g4 Nxh3+ 19. Kh1 Bxg4 20. Nxe5 Qh4 21. Nxg4 Nxf2+ 0-1